[Event "NOR-ch Class3"]
[Site "Larvik"]
[Date "2019.07.10"]
[Round "6"]
[White "Wullum, Robin"]
[Black "Hansen, Roy Drange"]
[Result "1-0"]
[WhiteElo "1452"]
[BlackElo "1515"]
[PlyCount "83"]
[EventDate "2019.07.05"]
[EventType "swiss"]
[EventRounds "9"]
[EventCountry "NOR"]
[SourceTitle "EXT 2024"]
[Source "ChessBase"]
[SourceDate "2023.10.10"]
[SourceVersion "1"]
[SourceVersionDate "2023.10.10"]
[SourceQuality "1"]

1. e4 c5 2. Nf3 Nc6 3. Be2 e6 4. 0-0 Be7 5. Re1 d6 6. Bf1 Nf6 7. d3 0-0 8. Nbd2 a6 9. a4 b6 10. c3 Bb7 11. d4 d5 12. exd5 exd5 13. Nb3 c4 14. Nbd2 Qc7 15. g3 b5 16. Bg2 b4 17. Ne5 b3 18. Ndf3 Ne4 19. Nxc6 Bxc6 20. Ne5 Bb7 21. Qe2 Bd6 22. Bxe4 dxe4 23. Nxc4 Rae8 24. Be3 f5 25. Nxd6 Qxd6 26. Ra3 Re6 27. Rxb3 Ba8 28. Bf4 Qd5 29. Rb4 e3 30. f3 g5 31. Bxg5 f4 32. Qc4 Qxc4 33. Rxc4 fxg3 34. hxg3 Bxf3 35. Rxe3 Rg6 36. Rc5 Bd1 37. a5 Ba4 38. Bh4 Rg4 39. Rg5+ Rxg5 40. Bxg5 Bb5 41. Bf4 Kf7 42. b3 1-0

[Event "EU-ch Seniors 50 18th"]
[Site "Drammen"]
[Date "2018.08.11"]
[Round "8"]
[White "Hansen, Roy Drange"]
[Black "Skar, Oystein"]
[Result "1/2-1/2"]
[WhiteElo "1468"]
[BlackElo "1705"]
[PlyCount "100"]
[EventDate "2018.08.04"]
[EventType "swiss"]
[EventRounds "9"]
[EventCountry "NOR"]
[SourceTitle "CBM 185 Extra"]
[Source "ChessBase"]
[SourceDate "2018.07.29"]
[SourceVersion "1"]
[SourceVersionDate "2018.07.29"]
[SourceQuality "1"]

1. e4 e6 2. d4 d5 3. exd5 exd5 4. Nf3 Nf6 5. Bg5 Be7 6. h3 0-0 7. Bd3 b6 8. 0-0 c5 9. b3 Nc6 10. c3 Bb7 11. Re1 Re8 12. Nbd2 Qc7 13. Qb1 h6 14. Be3 Bd6 15. a4 Bf4 16. Nf1 Ne4 17. Qc1 Bxe3 18. Nxe3 Na5 19. Rb1 Nxb3 20. Rxb3 c4 21. Bxc4 dxc4 22. Rb4 Nd6 23. Ne5 a5 24. Rb2 f6 25. N5g4 h5 26. Nh2 Be4 27. f3 Bc6 28. Qc2 Rab8 29. Qg6 Qf7 30. Qg3 Qd7 31. Ra2 b5 32. Nhf1 b4 33. Nd2 bxc3 34. Ndf1 Rb2 35. Rea1 Reb8 36. d5 Ba8 37. Kh2 Rxa2 38. Rxa2 Rb2 39. Ra1 Rb3 40. Qe1 Qc7 41. Kh1 Qe7 42. Qd1 Qc7 43. Qc2 Qc5 44. Rd1 Qb4 45. Rd4 Rb2 46. Qg6 Qb7 47. Rxc4 Nxc4 48. Qe8+ Kh7 49. Qxh5+ Kg8 50. Qe8+ Kh7 1/2-1/2

[Event "EU-ch Seniors 50 18th"]
[Site "Drammen"]
[Date "2018.08.07"]
[Round "4"]
[White "Hansen, Roy Drange"]
[Black "Evensen, Per Erik"]
[Result "0-1"]
[WhiteElo "1468"]
[BlackElo "1447"]
[PlyCount "101"]
[EventDate "2018.08.04"]
[EventType "swiss"]
[EventRounds "9"]
[EventCountry "NOR"]
[SourceTitle "CBM 185 Extra"]
[Source "ChessBase"]
[SourceDate "2018.07.29"]
[SourceVersion "1"]
[SourceVersionDate "2018.07.29"]
[SourceQuality "1"]

1. e4 c5 2. Nf3 Nc6 3. c3 d6 4. Be2 Nf6 5. d3 a6 6. a4 Bg4 7. Nbd2 g6 8. h3 Bd7 9. 0-0 Bg7 10. Nc4 Na5 11. Ne3 0-0 12. Qc2 Rc8 13. Bd2 Nc6 14. c4 Qb6 15. a5 Qc7 16. Bc3 e6 17. b3 Qb8 18. Qb2 e5 19. g4 Nd4 20. Bxd4 exd4 21. Nd5 Nxd5 22. cxd5 b6 23. Nd2 bxa5 24. Rxa5 Qb7 25. Nc4 Qc7 26. Qd2 Bb5 27. Nb2 Qe7 28. f4 Rcd8 29. Nd1 h6 30. Ra2 Bf6 31. Kg2 g5 32. h4 gxf4 33. Qxf4 Bg7 34. Rh1 Qf6 35. Qxf6 Bxf6 36. Nf2 Kg7 37. Bf3 Rg8 38. h5 Bg5 39. Nh3 Be3 40. Be2 Kh8 41. Rf1 Rde8 42. Rf6 Rg7 43. Rxd6 Reg8 44. Kg3 Bxd3 45. Bxd3 Rxg4+ 46. Kh2 Rh4 47. Rxh6+ Bxh6 48. Bf1 Bf4+ 49. Kh1 Be3 50. Rxa6 Rg1+ 51. Kh2 0-1

[Event "EU-ch Seniors 50 18th"]
[Site "Drammen"]
[Date "2018.08.05"]
[Round "2"]
[White "Hansen, Roy Drange"]
[Black "Gonzalez Pabollet, Jesus Maria"]
[Result "1-0"]
[WhiteElo "1468"]
[BlackElo "1818"]
[PlyCount "65"]
[EventDate "2018.08.04"]
[EventType "swiss"]
[EventRounds "9"]
[EventCountry "NOR"]
[SourceTitle "CBM 185 Extra"]
[Source "ChessBase"]
[SourceDate "2018.07.29"]
[SourceVersion "1"]
[SourceVersionDate "2018.07.29"]
[SourceQuality "1"]

1. e4 c5 2. Nf3 a6 3. d4 cxd4 4. Nxd4 Nf6 5. Nc3 e5 6. Nb3 Bb4 7. Bd3 d5 8. exd5 Nxd5 9. Bd2 Bxc3 10. bxc3 Nc6 11. 0-0 0-0 12. a4 b6 13. Re1 Be6 14. g3 Kh8 15. a5 f5 16. Ra4 e4 17. Nd4 Bd7 18. Bf1 Nxa5 19. Ra1 b5 20. c4 Nxc4 21. Bxc4 bxc4 22. Ra5 Ne7 23. Qa1 Qc8 24. Bb4 Rf7 25. Rc5 Qb7 26. Rb1 Rb8 27. Qc3 Nd5 28. Qxc4 Nxb4 29. Qxf7 a5 30. Nxf5 Bxf5 31. Rc7 Qxc7 32. Qxc7 Rc8 33. Qxa5 1-0